Every Premier League Club's Most Injury-Prone Player - Statistics

General Stats
  • This quiz has been taken 15 times
  • The average score is 5 of 20
Answer Stats
Club Answer % Correct
Tottenham (28) Harry Kane
75%
Leicester (35) Jamie Vardy
75%
Liverpool (27) Naby Keita
58%
Chelsea (23) Christian Pulisic
33%
Aston Villa (29) Danny Ings
33%
Leeds (26) Kalvin Phillips
33%
Manchester City (30) Kevin De Bruyne
33%
Arsenal (28) Thomas Partey
33%
Brighton (33) Adam Lallana
25%
Newcastle (29) Callum Wilson
17%
Manchester United (27) Eric Bailly
17%
Wolves (31) Willy Boly
17%
Everton (26) Jean-Philippe Gbamin
8%
Burnley (29) Nick Pope
8%
Southampton (35) Shane Long
8%
West Ham (32) Andriy Yarmolenko
0%
Crystal Palace (31) Christian Benteke
0%
Watford (31) Danny Rose
0%
Brentford (23) Kristoffer Ajer
0%
Norwich City (25) Mathias Normann
0%
No matching quizzes found
Score Distribution
Percent of People with Each Score
Percentile by Number Answered
Your Score History
You have not taken this quiz